00667nam a2200265Ia 4500003000400000005001700004008004000021020001500061040000800076041000800084082001900092100001800111245005300129250000700182260004100189300002700230365003000257440001000287650001600297650001800313650001700331650001400348650001900362700002000381OSt20230225091354.0210210b1992 xxu||||| |||| 00| 0 eng d a8121901693 c AL aeng a580/281 bVASB aP C Vashishta aBotany for degree students: bGymnosperms Vol V a2  aNew DelhibS. Chand & Co. Ltd.c1992 aviii,490bPBc21x13cm. 2Botanyb45.00c₹d45.00 pVol.5 aCycadopsida aBennettitales aPentoxylales aCycadales aConfiferopsida aVASHISHTA (P C)